[Event "5. Bayer Open"]
[Site "Leverkusen"]
[Date "2008.03.31"]
[Round "6"]
[White "Hoeper, Heinz-Joachim"]
[Black "Teuber, Alfons"]
[Result "1-0"]
[WhiteElo "1496"]
[BlackElo "1087"]
[PlyCount "102"]
[EventDate "2008.01.14"]
[EventType "swiss"]
[EventRounds "7"]
[EventCountry "GER"]
[Source "Birnkott,Manfre"]
[SourceDate "2008.04.23"]

1. e4 e5 2. Bc4 a6 3. a4 Nf6 4. d3 Bc5 5. Nc3 d6 6. Nf3 c6 7. Bg5 h6 8. Be3 Bb4
9. O-O Ng4 10. h3 Nxe3 11. fxe3 O-O 12. Ne2 Nd7 13. c3 Bc5 14. d4 Ba7 15. a5
Nf6 16. Ng3 b6 17. dxe5 Nxe4 18. Nxe4 d5 19. Nd4 Bb7 20. Nd6 dxc4 21. Nxb7 Qd5
22. Rf5 b5 23. e6 Qe4 24. Qf3 Qxf3 25. Rxf3 Bxd4 26. exf7+ Rxf7 27. Rxf7 Bxe3+
28. Rf2 Rf8 29. Raf1 Rf6 30. g3 c5 31. Kg2 b4 32. Rxf6 gxf6 33. Rxf6 Kg7 34.
Rxa6 Bc1 35. Rb6 Bxb2 36. a6 bxc3 37. a7 c2 38. Nxc5 c1=Q 39. Ne6+ Kh7 40. Rb7+
Kg6 41. Nf4+ Kg5 42. Rb5+ Kf6 43. a8=Q Qd2+ 44. Kh1 Qe1+ 45. Kh2 Qf2+ 46. Ng2
Kg6 47. Qe8+ Qf7 48. Nf4+ Kg7 49. Nh5+ Kg6 50. Rb6+ Bf6 51. Rxf6+ Kxh5 1-0

[Event "5. Bayer Open"]
[Site "Leverkusen"]
[Date "2008.03.31"]
[Round "6"]
[White "Reiter, Ute"]
[Black "Balduan, Karl-Heinz"]
[Result "0-1"]
[WhiteElo "1119"]
[BlackElo "1427"]
[PlyCount "110"]
[EventDate "2008.01.14"]
[EventType "swiss"]
[EventRounds "7"]
[EventCountry "GER"]
[Source "Birnkott,Manfre"]
[SourceDate "2008.04.23"]

1. e4 e6 2. d4 Bb4+ 3. Bd2 Bxd2+ 4. Nxd2 Ne7 5. Ngf3 O-O 6. Bd3 d6 7. e5 Nec6
8. c3 dxe5 9. Qc2 h6 10. dxe5 b6 11. O-O-O Qe8 12. g4 Ba6 13. Be4 Be2 14. Rde1
Bxf3 15. Nxf3 a5 16. h4 Ra7 17. h5 f6 18. Bg6 Qe7 19. exf6 Qxf6 20. Be4 Ne7 21.
Rhg1 c5 22. g5 Qf4+ 23. Kb1 Nf5 24. gxh6 Qxh6 25. Ng5 Rf6 26. f3 Re7 27. Rd1
Rd7 28. Rxd7 Nxd7 29. Qd2 Nf8 30. Kc2 Qxh5 31. f4 Qe8 32. Rh1 Rh6 33. Re1 Qa4+
34. Kb1 Qd7 35. Rd1 Qxd2 36. Rxd2 Ne3 37. Rd6 Nc4 38. Rd3 e5 39. f5 Nd6 40.
Bd5+ Kh8 41. Re3 Rh5 42. Ne6 Nd7 43. Rg3 Nxf5 44. Rg5 Rxg5 45. Nxg5 Nd6 46. Kc2
g6 47. Kd3 Kg7 48. c4 Kh6 49. Nf3 g5 50. Be6 e4+ 51. Ke3 exf3 52. Bxd7 Nxc4+
53. Kxf3 Nxb2 54. Bb5 Nd1 55. a3 Nc3 0-1

[Event "5. Bayer Open"]
[Site "Leverkusen"]
[Date "2008.04.14"]
[Round "7"]
[White "Mladenov, Svetlin"]
[Black "Ivic, Roman"]
[Result "1-0"]
[WhiteElo "2299"]
[BlackElo "2060"]
[PlyCount "63"]
[EventDate "2008.01.14"]
[EventType "swiss"]
[EventRounds "7"]
[EventCountry "GER"]
[Source "Birnkott,Manfre"]
[SourceDate "2008.04.23"]

1. e4 e5 2. Nf3 Nc6 3. Bb5 a6 4. Ba4 Nf6 5. O-O Be7 6. Re1 b5 7. Bb3 d6 8. c3
O-O 9. h3 Na5 10. Bc2 c5 11. d4 Qc7 12. Nbd2 Re8 13. Nf1 h6 14. d5 c4 15. g4
Nh7 16. Ng3 Nb7 17. Kh2 Nc5 18. Nf5 Bxf5 19. gxf5 Qd8 20. Rg1 Kh8 21. Be3 Nd7
22. Qd2 Bf8 23. Rg2 Ndf6 24. Rag1 Rb8 25. Qe2 Ng8 26. Nd2 Qf6 27. f4 Rbc8 28.
Rg4 Qe7 29. Qg2 f6 30. Nf3 Qf7 31. Nh4 Ne7 32. Ng6+ 1-0

[Event "5. Bayer Open"]
[Site "Leverkusen"]
[Date "2008.04.14"]
[Round "7"]
[White "Schockenbäumer, Dirk"]
[Black "Khanukov, Boris"]
[Result "1-0"]
[WhiteElo "2135"]
[BlackElo "2340"]
[PlyCount "143"]
[EventDate "2008.01.14"]
[EventType "swiss"]
[EventRounds "7"]
[EventCountry "GER"]
[Source "Birnkott,Manfre"]
[SourceDate "2008.04.23"]

1. Nf3 Nf6 2. d4 e6 3. c4 d5 4. g3 c6 5. cxd5 exd5 6. Nc3 Bd6 7. Bg2 O-O 8. O-O
Bf5 9. Nh4 Be6 10. Qc2 Qc8 11. Bg5 Ne8 12. e4 h6 13. Bd2 Be7 14. exd5 cxd5 15.
Rac1 Bxh4 16. gxh4 Qd7 17. Na4 Bh3 18. Bxh3 Qxh3 19. Qc8 Qxc8 20. Rxc8 Nf6 21.
Rc7 b6 22. Rfc1 Na6 23. Rb7 Rfb8 24. Rxb8+ Rxb8 25. f3 Re8 26. Kf2 Kh7 27. b3
Kg6 28. Rg1+ Kh7 29. Rc1 Re7 30. Nb2 Rc7 31. Rxc7 Nxc7 32. Nd3 Ne6 33. Bc3 Nd7
34. Nb4 Nc7 35. Ke3 Kg6 36. Be1 Nf8 37. Bg3 Nfe6 38. Nc6 a6 39. Ne5+ Kf6 40.
Nd7+ Ke7 41. Nxb6 f6 42. h5 Kf7 43. a4 g6 44. hxg6+ Kxg6 45. b4 h5 46. h4 Kf7
47. Bxc7 Nxc7 48. Nd7 Ke6 49. Nc5+ Kf5 50. a5 Kg6 51. Kf4 Kg7 52. Ke3 Kg6 53.
Nd3 Kg7 54. Nf4 Kh6 55. Kd3 f5 56. Ke3 Kg7 57. Nxh5+ Kg6 58. Nf4+ Kh6 59. Kd3
Kg7 60. Ke3 Kh6 61. Ne2 Ne6 62. Nf4 Nc7 63. Kd2 Kg7 64. Ke1 Kh6 65. Kf2 Kg7 66.
Kg3 Kh6 67. Kh3 Nb5 68. Nxd5 Nxd4 69. Nc7 Nxf3 70. Nxa6 Nd4 71. Nc7 Nc6 72. a6
1-0

[Event "5. Bayer Open"]
[Site "Leverkusen"]
[Date "2008.04.14"]
[Round "7"]
[White "Auer, Martin"]
[Black "Michalczak, Thomas"]
[Result "0-1"]
[WhiteElo "2228"]
[BlackElo "2294"]
[PlyCount "78"]
[EventDate "2008.01.14"]
[EventType "swiss"]
[EventRounds "7"]
[EventCountry "GER"]
[Source "Birnkott,Manfre"]
[SourceDate "2008.04.23"]

1. Nf3 d5 2. g3 Nf6 3. Bg2 e6 4. O-O Be7 5. b3 O-O 6. c4 b6 7. e3 Bb7 8. Qe2
dxc4 9. bxc4 c5 10. Bb2 Nc6 11. Rd1 Rc8 12. Nc3 Rc7 13. Rac1 Qa8 14. Ne1 Rd8
15. d3 Rcd7 16. f4 Nb4 17. Bxb7 Qxb7 18. g4 Ne8 19. a3 Nc6 20. Ne4 Na5 21. Nf3
Nd6 22. Ng3 f6 23. e4 Nf7 24. Rb1 Nc6 25. h4 e5 26. fxe5 Qc7 27. Nf5 Ncxe5 28.
Ne1 Ng6 29. Bc1 Bd6 30. h5 Ne7 31. Ne3 Bf4 32. Nd5 Nxd5 33. cxd5 Re8 34. Qf2
Bg3 35. Qg2 Bxe1 36. Rxe1 Rxd5 37. Bf4 Rde5 38. Bxe5 Nxe5 39. Rbd1 Qd7 {
Weiß verliert durch Zeitüberschreitung.} 0-1

[Event "5. Bayer Open"]
[Site "Leverkusen"]
[Date "2008.04.14"]
[Round "7"]
[White "Speck, Stefan"]
[Black "Balduan, Markus"]
[Result "0-1"]
[WhiteElo "1921"]
[BlackElo "2315"]
[PlyCount "58"]
[EventDate "2008.01.14"]
[EventType "swiss"]
[EventRounds "7"]
[EventCountry "GER"]
[Source "Birnkott,Manfre"]
[SourceDate "2008.04.23"]

1. d4 d5 2. Nf3 Nf6 3. Bg5 Ne4 4. Bf4 c5 5. e3 Qb6 6. Qc1 Nc6 7. c3 Bf5 8. Nbd2
Rc8 9. Nxe4 Bxe4 10. Qd2 e6 11. Be2 Be7 12. O-O O-O 13. Ne5 Nxe5 14. Bxe5 cxd4
15. exd4 Qa5 16. Bd3 Bg6 17. Bg3 b5 18. a3 Qb6 19. f4 Bxd3 20. Qxd3 g6 21. Qe3
Bf6 22. Qe1 a5 23. Rf3 b4 24. axb4 axb4 25. cxb4 Bxd4+ 26. Bf2 Rc2 27. Rd1
Bxf2+ 28. Rxf2 Rxb2 29. Rb1 Qxf2+ 0-1

[Event "5. Bayer Open"]
[Site "Leverkusen"]
[Date "2008.04.14"]
[Round "7"]
[White "Reinemer, Frank"]
[Black "Görke, Joachim"]
[Result "0-1"]
[WhiteElo "2131"]
[BlackElo "2103"]
[PlyCount "71"]
[EventDate "2008.01.14"]
[EventType "swiss"]
[EventRounds "7"]
[EventCountry "GER"]
[Source "Birnkott,Manfre"]
[SourceDate "2008.04.23"]

1. d4 c5 2. d5 e5 3. e4 d6 4. Nc3 Be7 5. g3 Nf6 6. Bg2 Na6 7. f4 Bg4 8. Nf3
exf4 9. gxf4 Nc7 10. O-O O-O 11. a4 Nd7 12. Qe1 Bxf3 13. Rxf3 Bf6 14. Rh3 Re8
15. Qg3 Rb8 16. Nd1 b5 17. Ne3 Bd4 18. a5 f5 19. exf5 Nf6 20. Qh4 Qd7 21. Kh1
Bxe3 22. Bxe3 Qxf5 23. Rg1 Ncxd5 24. Bxd5+ Qxd5+ 25. Rg2 Kh8 26. Rhg3 Rb7 27.
f5 Rbe7 28. Bg1 Qxf5 29. Rg5 Qf3 30. b4 Re4 31. Qg3 Qxg3 32. R2xg3 Rxb4 33.
Rxg7 Nh5 34. Rxa7 Nxg3+ 35. hxg3 Rc4 36. Rd7 {Weiß überschritt die Zeit.} 0-1

[Event "5. Bayer Open"]
[Site "Leverkusen"]
[Date "2008.04.14"]
[Round "7"]
[White "Peschel, Andreas"]
[Black "Vasiljev, Jurij"]
[Result "1-0"]
[WhiteElo "2099"]
[BlackElo "2062"]
[PlyCount "89"]
[EventDate "2008.01.14"]
[EventType "swiss"]
[EventRounds "7"]
[EventCountry "GER"]
[Source "Birnkott,Manfre"]
[SourceDate "2008.04.23"]

1. d4 Nf6 2. c4 e6 3. g3 d5 4. Bg2 c6 5. Qc2 Bd6 6. Nf3 Nbd7 7. O-O O-O 8. Rd1
Ne4 9. Nc3 f5 10. Qb3 Kh8 11. Nxe4 fxe4 12. Ng5 Nf6 13. f3 h6 14. fxe4 dxc4 15.
Qc2 hxg5 16. e5 Bxe5 17. dxe5 Qb6+ 18. e3 Ng4 19. Qe2 Nh6 20. Qh5 Qc7 21. Qxg5
Bd7 22. Be4 Be8 23. Rd6 Qf7 24. Bd2 Qf2+ 25. Kh1 Nf5 26. Rxe6 c5 27. Rxe8 Raxe8
28. Qh5+ Nh6 29. Qg6 Kg8 30. e6 Nf5 31. Bc3 Qxe3 32. Bxf5 Qf3+ 33. Kg1 Qe3+ 34.
Kg2 Qh6 35. Qxh6 gxh6 36. g4 b5 37. Rd1 b4 38. Be5 Re7 39. Bd6 Rd8 40. Bxe7
Rxd1 41. Bxc5 c3 42. bxc3 bxc3 43. e7 Re1 44. Bg6 c2 45. Bxc2 1-0

[Event "5. Bayer Open"]
[Site "Leverkusen"]
[Date "2008.04.14"]
[Round "7"]
[White "Ljuboschiz, Alexander"]
[Black "Gnass, Arno"]
[Result "1-0"]
[WhiteElo "2141"]
[BlackElo "1639"]
[PlyCount "38"]
[EventDate "2008.01.14"]
[EventType "swiss"]
[EventRounds "7"]
[EventCountry "GER"]
[Source "Birnkott,Manfre"]
[SourceDate "2008.04.23"]

1. e4 e5 2. Nf3 Nf6 3. Nxe5 d6 4. Nf3 Nxe4 5. Nc3 Nxc3 6. dxc3 Be7 7. Be3 Nc6
8. Qd2 O-O 9. O-O-O Bg4 10. h4 Ne5 11. Be2 Bxf3 12. gxf3 Bxh4 13. Rdg1 Ng6 14.
Qd5 Re8 15. Bc4 Qf6 16. Qh5 b5 17. Bd3 Re5 18. Qg4 h5 19. Qd7 Nf4 {
Notation unleserlich. Nach 36 Zügen:} 1-0

[Event "5. Bayer Open"]
[Site "Leverkusen"]
[Date "2008.04.14"]
[Round "7"]
[White "Wieland, Ingo"]
[Black "Lommen, Frank"]
[Result "1/2-1/2"]
[WhiteElo "1664"]
[BlackElo "2025"]
[PlyCount "113"]
[EventDate "2008.01.14"]
[EventType "swiss"]
[EventRounds "7"]
[EventCountry "GER"]
[Source "Birnkott,Manfre"]
[SourceDate "2008.04.23"]

1. e4 c5 2. Ne2 Nc6 3. g3 d5 4. Bg2 dxe4 5. Nbc3 f5 6. Nf4 Nf6 7. d3 e5 8. Nh5
Nxh5 9. Qxh5+ g6 10. Qd1 exd3 11. Bxc6+ bxc6 12. cxd3 Be6 13. O-O Bg7 14. Be3
O-O 15. Bxc5 Rf7 16. Qe2 Bd5 17. Rad1 Qd7 18. Nxd5 Qxd5 19. Qc2 Qxa2 20. Ra1
Qd5 21. Ra6 f4 22. Qc4 fxg3 23. hxg3 Rd7 24. Rfa1 e4 25. Qxd5+ Rxd5 26. d4 Bxd4
27. Bxd4 Rxd4 28. Rxc6 a5 29. b3 Rb4 30. Rc5 Rxb3 31. Rcxa5 Rxa5 32. Rxa5 e3
33. fxe3 Rxe3 34. Kf2 Rc3 35. Ra7 Rc5 36. Kf3 Rf5+ 37. Kg4 h6 38. Rb7 Rf7 39.
Rb8+ Kg7 40. Rb6 Re7 41. Ra6 Kf7 42. Rb6 Re6 43. Rb8 Kf6 44. Rf8+ Kg7 45. Rb8
Kf7 46. Rh8 h5+ 47. Kg5 Re5+ 48. Kh4 Re4+ 49. Kh3 Kf6 50. Rb8 Kf5 51. Rf8+ Kg5
52. Rh8 Re3 53. Rh7 Rf3 54. Rh8 Kf5 55. Rf8+ Ke4 56. Rxf3 Kxf3 57. Kh4 1/2-1/2

[Event "5. Bayer Open"]
[Site "Leverkusen"]
[Date "2008.04.14"]
[Round "7"]
[White "Krämer, Detlef"]
[Black "Hirth, Ulrich"]
[Result "1/2-1/2"]
[WhiteElo "1882"]
[BlackElo "2208"]
[PlyCount "51"]
[EventDate "2008.01.14"]
[EventType "swiss"]
[EventRounds "7"]
[EventCountry "GER"]
[Source "Birnkott,Manfre"]
[SourceDate "2008.04.23"]

1. c4 Nf6 2. Nc3 d5 3. d4 c6 4. cxd5 cxd5 5. Nf3 Nc6 6. Bf4 Bf5 7. e3 e6 8. Bb5
Bd6 9. Qa4 O-O 10. Bxc6 bxc6 11. Ne5 Bxe5 12. Bxe5 Nd7 13. Bd6 Nb6 14. Qb4 Re8
15. O-O Nc4 16. Bg3 Qb6 17. Qxb6 axb6 18. b3 Na3 19. Rac1 b5 20. Bd6 f6 21. f3
e5 22. Rf2 exd4 23. exd4 Re3 24. Rd2 Rxc3 25. Rcc2 Re8 26. Kf2 1/2-1/2

[Event "5. Bayer Open"]
[Site "Leverkusen"]
[Date "2008.04.14"]
[Round "7"]
[White "Rotstein, Jefim"]
[Black "van Kempen, Heinz"]
[Result "1-0"]
[WhiteElo "2296"]
[BlackElo "1722"]
[PlyCount "51"]
[EventDate "2008.01.14"]
[EventType "swiss"]
[EventRounds "7"]
[EventCountry "GER"]
[Source "Birnkott,Manfre"]
[SourceDate "2008.04.23"]

1. e4 {[%emt 0:00:00]} c5 2. Nf3 Nc6 3. d3 d6 4. g3 g6 5. Bg2 Bg7 6. O-O Nf6 7.
Re1 O-O 8. c3 Rb8 9. d4 cxd4 10. cxd4 Bg4 11. h3 Bxf3 12. Bxf3 Qd7 13. Bg2 e6
14. Nc3 a6 15. Be3 b5 16. Rc1 Ne7 17. b4 Rfc8 18. Qb3 Rc4 19. Red1 Nc6 20. e5
dxe5 21. dxe5 Nd5 22. Nxd5 exd5 23. Rxd5 Rxc1+ 24. Bxc1 Qc7 25. Rc5 Nd4 26.
Rxc7 1-0

[Event "5. Bayer Open"]
[Site "Leverkusen"]
[Date "2008.04.14"]
[Round "7"]
[White "Weiler, Wolfgang"]
[Black "Huppertz, Andrea"]
[Result "1-0"]
[WhiteElo "2170"]
[BlackElo "1719"]
[PlyCount "59"]
[EventDate "2008.01.14"]
[EventType "swiss"]
[EventRounds "7"]
[EventCountry "GER"]
[Source "Birnkott,Manfre"]
[SourceDate "2008.04.23"]

1. e4 c5 2. Nc3 d6 3. f4 g6 4. Nf3 Bg7 5. Bc4 Nc6 6. d3 Nf6 7. O-O Bg4 8. Qe1
Bxf3 9. Rxf3 Nd4 10. Rf2 O-O 11. h3 e6 12. Nd1 b5 13. Bb3 Nd7 14. c3 Qa5 15.
Bc2 Nc6 16. Ne3 Qc7 17. Bd2 a5 18. Rf1 Nb6 19. f5 exf5 20. exf5 Rae8 21. f6 Bh6
22. Qh4 Bxe3+ 23. Bxe3 Nd8 24. Bh6 Re2 25. Bxf8 h5 26. Bd1 Rxb2 27. Be7 Ne6 28.
Bxh5 g5 29. Bxf7+ Kxf7 30. Qh5+ 1-0

[Event "5. Bayer Open"]
[Site "Leverkusen"]
[Date "2008.04.14"]
[Round "7"]
[White "Negele, Michael"]
[Black "Wolfradt, Dirk"]
[Result "0-1"]
[WhiteElo "2118"]
[BlackElo "2063"]
[PlyCount "66"]
[EventDate "2008.01.14"]
[EventType "swiss"]
[EventRounds "7"]
[EventCountry "GER"]
[Source "Birnkott,Manfre"]
[SourceDate "2008.04.23"]

1. e4 Nf6 2. e5 Nd5 3. d4 d6 4. Bc4 e6 5. Qe2 Be7 6. Nf3 O-O 7. O-O c5 8. c3
Nc6 9. Qe4 cxd4 10. cxd4 Ndb4 11. exd6 Bxd6 12. Nc3 Na5 13. Ng5 g6 14. Qh4 h5
15. Be2 Kg7 16. Rd1 Nac6 17. Qe4 f6 18. Bxh5 Qe8 19. a3 fxg5 20. axb4 gxh5 21.
b5 Ne7 22. b6 a6 23. Bxg5 Qg6 24. h4 Rf5 25. Bxe7 Bxe7 26. d5 Bc5 27. Rd2 Bd7
28. dxe6 Bc6 29. Rd7+ Kh6 30. Nd5 Rg8 31. Rc1 Bxf2+ 32. Kh1 Bxb6 33. Qe2 Rf2
0-1

[Event "5. Bayer Open"]
[Site "Leverkusen"]
[Date "2008.04.14"]
[Round "7"]
[White "Werbeck, Torsten"]
[Black "Blomeyer, Peter"]
[Result "1/2-1/2"]
[WhiteElo "2083"]
[BlackElo "1855"]
[PlyCount "82"]
[EventDate "2008.01.14"]
[EventType "swiss"]
[EventRounds "7"]
[EventCountry "GER"]
[Source "Birnkott,Manfre"]
[SourceDate "2008.04.23"]

1. d4 d6 2. Nf3 Nf6 3. c4 g6 4. Nc3 Bg7 5. e4 c6 6. Be2 O-O 7. O-O Nbd7 8. Re1
Qc7 9. Bf1 e5 10. Rb1 a5 11. a3 Re8 12. b4 exd4 13. Nxd4 Qb8 14. Nb3 a4 15. Na1
Nb6 16. Bf4 Ng4 17. Qc2 Ne5 18. Nd1 Be6 19. Ne3 d5 20. Bg3 d4 21. Nd1 Qd8 22.
Nb2 d3 23. Nxd3 Nexc4 24. Qc1 Qd4 25. Nc5 Nd2 26. Nc2 Qc3 27. Re3 Nxb1 28. Rxc3
Nxc3 29. Bc7 Nd7 30. Nxe6 Rxe6 31. f3 Rc8 32. Bf4 c5 33. Qd2 Nf8 34. bxc5 Rxc5
35. Be3 Rc8 36. Nb4 Ree8 37. Bb6 Ne6 38. Qd7 Nb1 39. Qxa4 Ra8 40. Qb3 Nxa3 41.
Nd5 Nd4 1/2-1/2

[Event "5. Bayer Open"]
[Site "Leverkusen"]
[Date "2008.04.14"]
[Round "7"]
[White "Brinkmann, Sven"]
[Black "Böhm, Stefan"]
[Result "1/2-1/2"]
[WhiteElo "1814"]
[BlackElo "2010"]
[PlyCount "66"]
[EventDate "2008.01.14"]
[EventType "swiss"]
[EventRounds "7"]
[EventCountry "GER"]
[Source "Birnkott,Manfre"]
[SourceDate "2008.04.23"]

1. e4 c5 2. Nc3 Nc6 3. g3 g6 4. Bg2 Bg7 5. d3 e6 6. Be3 d6 7. Nge2 Rb8 8. Qd2
Nd4 9. Nd1 e5 10. O-O Bh3 11. f4 Bxg2 12. Kxg2 Nxe2 13. Qxe2 exf4 14. Bxf4 Ne7
15. c3 O-O 16. Ne3 Qd7 17. g4 Rbe8 18. Qf3 Nc6 19. Qg3 Re6 20. g5 Ne5 21. Nd5
f5 22. gxf6 Bxf6 23. Bh6 Rf7 24. Rf2 Bh8 25. Raf1 Rxf2+ 26. Rxf2 Nf7 27. Bg5
Nxg5 28. Qxg5 Re5 29. Qf4 Bg7 30. h4 Re8 31. Nf6+ Bxf6 32. Qxf6 Qg4+ 33. Kh2
Qe6 1/2-1/2

[Event "5. Bayer Open"]
[Site "Leverkusen"]
[Date "2008.04.14"]
[Round "7"]
[White "Pützkaul, Karl"]
[Black "Simon, Martin"]
[Result "0-1"]
[WhiteElo "1853"]
[BlackElo "1941"]
[PlyCount "116"]
[EventDate "2008.01.14"]
[EventType "swiss"]
[EventRounds "7"]
[EventCountry "GER"]
[Source "Birnkott,Manfre"]
[SourceDate "2008.04.23"]

1. Nf3 d5 2. d4 Nf6 3. c4 e6 4. Nc3 c6 5. e3 Nbd7 6. Bd3 Bd6 7. O-O O-O 8. Qc2
dxc4 9. Bxc4 b5 10. Bd3 Bb7 11. e4 e5 12. Bg5 Rc8 13. Rad1 exd4 14. Nxd4 Bxh2+
15. Kh1 (15. Kxh2 $1 Ng4+ 16. Kg3 Qxg5 17. Nf3 $18) 15... Bb8 16. Nf3 h6 17. e5
hxg5 18. exf6 Qc7 19. Bh7+ Kh8 20. fxg7+ Kxg7 21. Qf5 Ne5 22. Nxe5 Qxe5 23.
Qxe5+ Bxe5 24. Rd7 Rc7 25. Rxc7 Bxc7 26. Bf5 Rh8+ 27. Kg1 Bh2+ 28. Kh1 Bf4+ 29.
Kg1 Be5 30. Be4 Bh2+ 31. Kh1 Be5+ 32. Kg1 b4 33. Nd1 Bh2+ 34. Kh1 Bf4+ 35. Kg1
Ba6 36. Ne3 Bh2+ 37. Kh1 Bxf1 38. Nxf1 Be5+ 39. Kg1 Bxb2 40. Bxc6 Rc8 41. Be4
Kf6 42. g4 Ke5 43. Bf5 Rc1 44. Bd3 Kd4 45. Bh7 Ra1 46. Bg8 Rxa2 47. Bxf7 Ra1
48. Kg2 Bc1 49. Ng3 a5 50. Nf5+ Kc3 51. Nd6 b3 52. Ne4+ Kb4 53. Bg6 b2 54. Nf6
b1=Q 55. Nd5+ Kb3 56. f4 Bxf4 57. Nxf4 gxf4 58. g5 Kc4 0-1

[Event "5. Bayer Open"]
[Site "Leverkusen"]
[Date "2008.04.14"]
[Round "7"]
[White "Scharff, Klaus"]
[Black "Schmitz, Andreas"]
[Result "0-1"]
[WhiteElo "1928"]
[BlackElo "1845"]
[PlyCount "98"]
[EventDate "2008.01.14"]
[EventType "swiss"]
[EventRounds "7"]
[EventCountry "GER"]
[Source "Birnkott,Manfre"]
[SourceDate "2008.04.23"]

1. d4 e6 2. c4 d5 3. Nc3 Nf6 4. Bg5 Be7 5. e3 c6 6. Bd3 dxc4 7. Bxc4 Nd5 8.
Bxe7 Qxe7 9. Nf3 Qb4 10. Nd2 Nxc3 11. bxc3 Qxc3 12. O-O O-O 13. Rc1 Qa5 14. Bd3
Nd7 15. Nc4 Qc7 16. f4 f5 17. Rf3 b5 18. Ne5 Nxe5 19. fxe5 a6 20. Rh3 Bb7 21.
Qh5 g6 22. Qh4 Rf7 23. Qh6 Qe7 24. Rg3 Rg7 25. h4 Rf8 26. Rf1 c5 27. Kh2 c4 28.
Bc2 Bc6 29. Rg5 Qa3 30. Rg3 Qb2 31. Rf2 Qc1 32. h5 Be8 33. d5 Qe1 34. Rff3 Qc3
35. Bxf5 exf5 36. Qf4 Qd3 37. d6 Qe4 38. Rf2 Bd7 39. Kg1 Re8 40. hxg6 hxg6 41.
Qh6 Kf7 42. Rgf3 Rxe5 43. Qg5 Re8 44. g4 Kg8 45. Qf6 Qxg4+ 46. Kf1 Bc6 47. d7
Bxd7 48. Qxa6 Qe4 49. Qd6 Bc6 0-1

[Event "5. Bayer Open"]
[Site "Leverkusen"]
[Date "2008.04.14"]
[Round "7"]
[White "Remmler, Dirk"]
[Black "Gutt, Oswald"]
[Result "1/2-1/2"]
[WhiteElo "1761"]
[BlackElo "1874"]
[PlyCount "51"]
[EventDate "2008.01.14"]
[EventType "swiss"]
[EventRounds "7"]
[EventCountry "GER"]
[Source "Birnkott,Manfre"]
[SourceDate "2008.04.23"]

1. e4 c5 2. Nf3 Nc6 3. d4 cxd4 4. Nxd4 e5 5. Nb5 d6 6. N1c3 a6 7. Na3 b5 8. Nd5
Be6 9. c4 b4 10. Nc2 Rb8 11. Bd3 Be7 12. O-O Qc8 13. Nce3 g6 14. b3 Nf6 15. Bb2
Bxd5 16. cxd5 Nd4 17. Rc1 Qb7 18. Bxd4 exd4 19. Nc4 O-O 20. Na5 Qb6 21. Nc6
Rbe8 22. Rc4 a5 23. f4 Nd7 24. Qg4 Nc5 25. Rf3 Bf6 26. f5 1/2-1/2

[Event "5. Bayer Open"]
[Site "Leverkusen"]
[Date "2008.04.14"]
[Round "7"]
[White "Romaker, Johann"]
[Black "Hobusch, Alexander"]
[Result "1/2-1/2"]
[WhiteElo "1849"]
[BlackElo "2041"]
[PlyCount "54"]
[EventDate "2008.01.14"]
[EventType "swiss"]
[EventRounds "7"]
[EventCountry "GER"]
[Source "Birnkott,Manfre"]
[SourceDate "2008.04.23"]

1. d4 e6 2. Nf3 f5 3. g3 Nf6 4. Bg2 d5 5. c4 c6 6. O-O Bd6 7. b3 Qe7 8. Bg5 O-O
9. Ne5 Nbd7 10. f4 Qe8 11. Nxd7 Nxd7 12. e3 a5 13. Nd2 a4 14. c5 Bc7 15. b4 b6
16. Bf3 Nf6 17. Bxf6 gxf6 18. Bh5 Qe7 19. Re1 Kh8 20. cxb6 Bxb6 21. a3 Qa7 22.
Rc1 Bd7 23. Nf3 Rg8 24. Kg2 Rg7 25. Rc3 Rag8 26. Qd3 Re7 27. Nh4 Bc7 1/2-1/2

[Event "5. Bayer Open"]
[Site "Leverkusen"]
[Date "2008.04.14"]
[Round "7"]
[White "Friedsam, Manfred"]
[Black "Karwatzki, Hans-Jürgen"]
[Result "1-0"]
[WhiteElo "1804"]
[BlackElo "1601"]
[PlyCount "55"]
[EventDate "2008.01.14"]
[EventType "swiss"]
[EventRounds "7"]
[EventCountry "GER"]
[Source "Birnkott,Manfre"]
[SourceDate "2008.04.23"]

1. e4 e5 2. Nf3 Nc6 3. d4 exd4 4. c3 d5 5. exd5 Qxd5 6. cxd4 Bb4+ 7. Nc3 Bg4 8.
Be2 O-O-O 9. O-O Qh5 10. h3 Bxh3 11. gxh3 Qxh3 12. Ng5 Qd7 13. Qb3 Nh6 14. d5
Bxc3 15. dxc6 Qxc6 16. Qxc3 Qg6 17. Bf4 Rd7 18. Qg3 Re8 19. Bd1 Nf5 20. Qg4 Nh6
21. Qh5 Qf5 22. Qf3 Rd4 23. Nh3 Re6 24. Bxh6 Qg6+ 25. Bg5 Rf6 26. Qh5 Rxd1 27.
Qxg6 Rxf1+ 28. Kxf1 1-0

[Event "5. Bayer Open"]
[Site "Leverkusen"]
[Date "2008.04.14"]
[Round "7"]
[White "Liebsch, Ulrich"]
[Black "Becker, Rainer"]
[Result "0-1"]
[WhiteElo "1732"]
[BlackElo "1979"]
[PlyCount "80"]
[EventDate "2008.01.14"]
[EventType "swiss"]
[EventRounds "7"]
[EventCountry "GER"]
[Source "Birnkott,Manfre"]
[SourceDate "2008.04.23"]

1. c4 c6 2. Nc3 d5 3. cxd5 cxd5 4. d4 Nc6 5. Bf4 Bf5 6. e3 e6 7. Bd3 Bxd3 8.
Qxd3 Nf6 9. a3 Be7 10. Nf3 O-O 11. O-O Na5 12. Ne5 Rc8 13. Ne2 Qb6 14. b4 Nc4
15. Bg5 Rc7 16. Nxc4 dxc4 17. Qc2 a5 18. Bxf6 Bxf6 19. Rab1 Be7 20. bxa5 Qxa5
21. a4 Bb4 22. Qb2 Bd2 23. Qb5 Qxb5 24. axb5 Ra8 25. Ra1 Ra5 26. Rxa5 Bxa5 27.
Ra1 b6 28. Nc3 Kf8 29. Rc1 Ke7 30. Kf1 Kd6 31. e4 Bxc3 32. Rxc3 e5 33. dxe5+
Kxe5 34. Ke2 Kxe4 35. Kd2 Kd4 36. Kc2 Kc5 37. Rg3 g6 38. Rg5+ Kb4 39. Rd5 Ra7
40. Kb2 Re7 0-1

[Event "5. Bayer Open"]
[Site "Leverkusen"]
[Date "2008.04.14"]
[Round "7"]
[White "Bigott, Martin"]
[Black "Heller, Helmut"]
[Result "1-0"]
[WhiteElo "1691"]
[BlackElo "1486"]
[PlyCount "69"]
[EventDate "2008.01.14"]
[EventType "swiss"]
[EventRounds "7"]
[EventCountry "GER"]
[Source "Birnkott,Manfre"]
[SourceDate "2008.04.23"]

1. e4 c5 2. Nf3 d6 3. d4 cxd4 4. Nxd4 a6 5. Nc3 e6 6. Be3 Nf6 7. f3 b5 8. a4 b4
9. Na2 a5 10. Bb5+ Bd7 11. Qe2 Be7 12. O-O O-O 13. c3 bxc3 14. Nxc3 Ne8 15.
Rfd1 Nc7 16. Bxd7 Qxd7 17. Ndb5 Nba6 18. Bf4 Ne8 19. Rac1 Nc5 20. Nxd6 Bxd6 21.
Bxd6 Nxd6 22. Nb5 Ncb7 23. e5 Rfc8 24. Qd2 Rxc1 25. Rxc1 Ra6 26. exd6 Rc6 27.
Rxc6 Qxc6 28. d7 Qb6+ 29. Qd4 Qd8 30. Na7 Qc7 31. Nc6 Nd8 32. Nxd8 Qxd8 33. Qd6
h6 34. Qc6 Kf8 35. Qc5+ 1-0

[Event "5. Bayer Open"]
[Site "Leverkusen"]
[Date "2008.04.14"]
[Round "7"]
[White "Burgmer, Hubertus"]
[Black "Schüppen, Heinrich"]
[Result "0-1"]
[WhiteElo "1663"]
[BlackElo "1696"]
[PlyCount "45"]
[EventDate "2008.01.14"]
[EventType "swiss"]
[EventRounds "7"]
[EventCountry "GER"]
[Source "Birnkott,Manfre"]
[SourceDate "2008.04.23"]

1. e4 e6 2. f4 d5 3. exd5 exd5 4. Nf3 Nf6 5. d4 Bd6 6. Be2 O-O 7. O-O c5 8. Kh1
Nc6 9. c3 cxd4 10. Nxd4 a6 11. a4 Re8 12. Na3 Nxd4 13. cxd4 Bf5 14. Bf3 Qb6 15.
Nc2 Bxc2 16. Qxc2 Qxd4 17. g3 Rac8 18. Qd2 Qc4 19. Rd1 Bb4 20. Qg2 Rc7 21. Bd2
Bxd2 22. Qxd2 Ne4 23. Qe1 0-1